000 00470nam a2200157 i 4500
001 85890
003 ES-MaACL
005 20230906175329.0
007 t|
008 041202s1947 xxk ||||1| eng d
100 1 _aKeeton, George W.
_967720
245 1 4 _aThe law of trusts
_b: astatement of the rules /
_cby George W. Keeton.
260 _aLondon :
_bIsaac Pitman :
_bThe Pitman Press,
_c1947.
300 _aLV, 457 p. ;
_c26 cm.
852 _aES-MaACL
_jC-5285
_bR.25472
999 _c85890
_d85890